5 Najbogatszych państw według kontynentów - Statystyki

Ogólne statystyki
  • Ten quiz został rozwiązany 142 razy
  • Średni wynik to 16 z 30
Statystyki odpowiedzi
Hint Odpowiedź % Poprawnych
$69 231 Stany Zjednoczone
93%
$52 079 Kanada
90%
$7 564 Brazylia
83%
$10 658 Argentyna
80%
$39 340 Japonia
78%
$63 529 Australia
76%
$89 090 Norwegia
74%
$16 070 Chile
73%
$136 701 Luksemburg
71%
$48 424 Nowa Zelandia
71%
$93 720 Szwajcaria
70%
$68 581 Katar
65%
$16 756 Urugwaj
65%
$72 795 Singapur
61%
$42 884 Zjednoczone Emiraty Arabskie
61%
$9 644 Gujana
53%
$69 033 Islandia
46%
$12 187 Palau
43%
$99 013 Irlandia
41%
$14 931 Seszele
39%
$5 834 Tuvalu
39%
$51 416 Izrael
38%
$28 579 Bahamy
37%
$10 139 Nauru
37%
$8 744 Mauritius
29%
$16 875 Barbados
28%
$16 467 Saint Kitts i Nevis
24%
$7 417 Botswana
21%
$8 745 Gwinea Równikowa
18%
$8 976 Gabon
17%
Nie znaleziono quizów pasujących do podanych kryteriów
Rozkład punktacji
Procent ludzi z każdym wynikiem
Percentyl według liczby udzielonych odpowiedzi
Twoja historia wyników
Nie rozwiązałeś tego quizu